<?xml version="1.0" encoding="UTF-8"?>
<collection xmlns="http://www.loc.gov/MARC21/slim">
 <record>
  <leader>     na                 </leader>
  <controlfield tag="001">INLIS000000000694900</controlfield>
  <controlfield tag="005">20230111102400</controlfield>
  <datafield tag="035" ind1=" " ind2=" ">
   <subfield code="a">0010-0123000212</subfield>
  </datafield>
  <controlfield tag="007">ta</controlfield>
  <controlfield tag="008">230111                g          1 ind  </controlfield>
  <datafield tag="040" ind1=" " ind2=" ">
   <subfield code="a">JIPUBAY</subfield>
  </datafield>
  <datafield tag="100" ind1="0" ind2=" ">
   <subfield code="a">Alvi Syahrin</subfield>
  </datafield>
  <datafield tag="245" ind1="1" ind2=" ">
   <subfield code="a">Loneliness :</subfield>
   <subfield code="b">is my best friend /</subfield>
   <subfield code="c">Alvi Syahrin</subfield>
  </datafield>
  <datafield tag="250" ind1=" " ind2=" ">
   <subfield code="a">Cer. 1</subfield>
  </datafield>
  <datafield tag="300" ind1=" " ind2=" ">
   <subfield code="a">306 hlm ;</subfield>
   <subfield code="c">19 cm</subfield>
  </datafield>
  <datafield tag="020" ind1=" " ind2=" ">
   <subfield code="a">978-623-97002-2-5</subfield>
  </datafield>
  <datafield tag="082" ind1=" " ind2=" ">
   <subfield code="2">[23]</subfield>
   <subfield code="a">899.221 3</subfield>
  </datafield>
  <datafield tag="084" ind1=" " ind2=" ">
   <subfield code="a">899.221 3 ALV l</subfield>
  </datafield>
  <datafield tag="260" ind1=" " ind2=" ">
   <subfield code="a">Jakarta Selatan :</subfield>
   <subfield code="b">Alvi Ardhi Publishing,</subfield>
   <subfield code="c">2022</subfield>
  </datafield>
  <datafield tag="500" ind1=" " ind2=" ">
   <subfield code="a">1.	Jujur, aku merasa nggak punya teman.2.	Aku cuma butuh teman cerita. satu aja.3.	Sekarang, aku seseorang tanpa circle4.	Aku selalu jadi opsi kedua di hidup orang.5.	Latihan berteman dengan diri sendiri.6.	Jadi dewasa itu sepi, ya.7.	Keluargaku nggak sehangat keluarga lain.8.	Kayaknya, nggak ada yang sayang sama aku.9.	Aku nggak pernah punya kisah cinta.10.	Cara paling ampuh berdamai dengan kesepian.Dan, di sinilah kamu, menyentuh buku ini, sendiri saja, trying to feel something, trying to find a friend, dan kamu sudah ada di langkah yang tepat, karena di buku ini, ada 45 bab yang membantumu berdamai dengan rasa sepi.</subfield>
  </datafield>
  <datafield tag="650" ind1=" " ind2="4">
   <subfield code="a">Fiksi</subfield>
  </datafield>
  <datafield tag="850" ind1=" " ind2=" ">
   <subfield code="a">JIPUBAY</subfield>
  </datafield>
  <datafield tag="990" ind1=" " ind2=" ">
   <subfield code="a">508190/DPKBWI/2022</subfield>
  </datafield>
  <datafield tag="990" ind1=" " ind2=" ">
   <subfield code="a">508191/DPKBWI/2022</subfield>
  </datafield>
  <datafield tag="990" ind1=" " ind2=" ">
   <subfield code="a">508192/DPKBWI/2022</subfield>
  </datafield>
 </record>
</collection>
